000 00667nam a2200229Ia 4500
001 16891
003 GE_BSU
008 181216s||||||||xx |||||||||||||| ||und||
040 _cGE_BSU
080 _a821.161.1-1
100 _aტვარდოვსკი, ალ.
245 _aვასილ ტიორკინი
245 _bპოემა
245 _cთარგმნა ო. ჭელიძემ.
260 _aთბილისი
260 _bსახელგამი
260 _c1953
300 _a219გვ. : ილ. ; 21სმ.
653 _aვასილ ტიორკინი
653 _aპოემა
942 _cBK
999 _c49955
_d49955